| 000 | 00744nam a2200289 a 4500 | ||
|---|---|---|---|
| 003 | AR-BaBNM | ||
| 005 | 20251128202815.0 | ||
| 008 | 082120s2002 ||||||||||||||000 | spa|| | ||
| 020 | _a950-08-0725-4 | ||
| 040 | _cAR-BaBNM | ||
| 100 | 1 | _aHoobler, Dorothy | |
| 245 | 0 | 0 | _aLos viajes del capitán Cook |
| 250 | _a1ª ed. | ||
| 260 |
_aBuenos Aires _bAtlántida _c1983 |
||
| 300 | _a122 p. | ||
| 490 | 0 |
_aBiblioteca Billiken. Roja _vv. 29 |
|
| 650 | 4 | _aLIBROS PARA NIÑOS | |
| 650 | 4 | _aLITERATURA INFANTIL | |
| 650 | 4 | _aLITERATURA INGLESA | |
| 653 | _aNOVELA DE AVENTURAS | ||
| 653 | _aNARRATIVA | ||
| 655 | _aLITERATURA | ||
| 700 | 1 | _aHoobler, Thomas | |
| 700 | 1 |
_aColdaroli, Carlos _etraductor |
|
| 942 | _cBK | ||
| 998 | _cMARTIN | ||
| 999 |
_c671 _d671 |
||